<?xml version='1.0' encoding='UTF-8'?>
  <record xmlns="http://www.loc.gov/MARC21/slim">
    <leader>00000cam a22000007i 4500</leader>
    <controlfield tag="001">ocm66501789</controlfield>
    <controlfield tag="003">OCoLC</controlfield>
    <controlfield tag="005">20250824093633.1</controlfield>
    <controlfield tag="008">050424s1842    fr            000 0 fre d</controlfield>
    <datafield tag="040" ind1=" " ind2=" ">
      <subfield code="a">NLGGC</subfield>
      <subfield code="b">dut</subfield>
      <subfield code="e">fobidrtb</subfield>
      <subfield code="c">NLGGC</subfield>
      <subfield code="d">QGJ</subfield>
      <subfield code="d">OCLCL</subfield>
      <subfield code="d">OCLCQ</subfield>
    </datafield>
    <datafield tag="029" ind1="0" ind2=" ">
      <subfield code="a">NLGGC</subfield>
      <subfield code="b">275085740</subfield>
    </datafield>
    <datafield tag="035" ind1=" " ind2=" ">
      <subfield code="a">(OCoLC)66501789</subfield>
    </datafield>
    <datafield tag="100" ind1="1" ind2=" ">
      <subfield code="a">Callet, François,</subfield>
      <subfield code="d">1744-1799.</subfield>
    </datafield>
    <datafield tag="245" ind1="1" ind2="0">
      <subfield code="a">Tables portatives de logarithmes :</subfield>
      <subfield code="b">contenant les logarithmes des nombres depuis 1 jusqu'a 108,000 : les logarithmes des sinus et tangentes, de seconde en seconde pour les cinq premieres degrés, de dix en dix secondes pour tous les degrés du quart de cercle et suivant la nouvelle Division centésimale de dix-millième en dix-millième : precedes d'un discours préliminaire sur l'explication, l'usage et la sommation des logarithmes et sur leur application à l'astronomie, à la navigation, à la geómétrie-practique et aux calculs d'intérêts : suivies de nouvelles tables plus approchées et de plusieurs autres utiles à la recherche de longitudes en mer, etc. /</subfield>
      <subfield code="c">par François Callet.</subfield>
    </datafield>
    <datafield tag="250" ind1=" " ind2=" ">
      <subfield code="a">Éd. stéréotype, gravée, fondue et imprimées par Firmin Didot.</subfield>
    </datafield>
    <datafield tag="260" ind1=" " ind2=" ">
      <subfield code="a">Paris :</subfield>
      <subfield code="b">Firmin Didot,</subfield>
      <subfield code="c">1795 (tirage 1842)</subfield>
    </datafield>
    <datafield tag="300" ind1=" " ind2=" ">
      <subfield code="a">118, [2], [664] p. ;</subfield>
      <subfield code="c">23 cm.</subfield>
    </datafield>
    <datafield tag="336" ind1=" " ind2=" ">
      <subfield code="a">tekst</subfield>
      <subfield code="b">txt</subfield>
      <subfield code="2">rdacontent/dut</subfield>
    </datafield>
    <datafield tag="337" ind1=" " ind2=" ">
      <subfield code="a">zonder medium</subfield>
      <subfield code="b">n</subfield>
      <subfield code="2">rdamedia/dut</subfield>
    </datafield>
    <datafield tag="338" ind1=" " ind2=" ">
      <subfield code="a">band</subfield>
      <subfield code="b">nc</subfield>
      <subfield code="2">rdacarrier/dut</subfield>
    </datafield>
    <datafield tag="758" ind1=" " ind2=" ">
      <subfield code="a">Tables portatives de logarithmes (Text)</subfield>
      <subfield code="1">https://id.oclc.org/worldcat/entity/E39PCYmp6YqtJdjTvtWP8jPw3P</subfield>
      <subfield code="4">https://id.oclc.org/worldcat/ontology/hasWork</subfield>
    </datafield>
    <datafield tag="936" ind1=" " ind2=" ">
      <subfield code="a">BATCHLOAD</subfield>
    </datafield>
  </record>